LIBRARY & INFORMATION CENTRE, KCAET, TAVANUR

ONLINE PUBLIC ACCESS CATALOGUE (OPAC)

Calculus and analytic geometry (Record no. 13814)

MARC details
000 -LEADER
fixed length control field 00327nam a22001337a 4500
020 ## - INTERNATIONAL STANDARD BOOK NUMBER
ISBN 9788177583250
082 ## - DEWEY DECIMAL CLASSIFICATION NUMBER
Classification number 515.15 THO/CA
100 ## - MAIN ENTRY--AUTHOR NAME
Personal name George B Thomas,Jr.
-- Ross L.Finney
245 ## - TITLE STATEMENT
Title Calculus and analytic geometry
250 ## - EDITION STATEMENT
Edition statement 9th ed
260 ## - PUBLICATION, DISTRIBUTION, ETC. (IMPRINT)
Place of publication New Delhi
Name of publisher Pearson Education
Year of publication 2011
300 ## - PHYSICAL DESCRIPTION
Number of Pages 1157
942 ## - ADDED ENTRY ELEMENTS (KOHA)
Koha item type Books
Holdings
Withdrawn status Lost status Damaged status Collection code Home library Current library Shelving location Date acquired Source of acquisition Cost, normal purchase price Full call number Accession Number Koha item type
      Non-fiction KAUAET KAUAET General Stacks 26/11/2012 CosmoBooks, Calicut 599.00 515.15 THO/CA 23636 Books
      Non-fiction KAUAET KAUAET General Stacks 26/11/2012 CosmoBooks, Calicut 599.00 515.15 THO/CA 23637 Books
free website counter